Cyclisme : Top 20 du Tour de Suisse 2024 - Statistiques

Statistiques générales
  • Ce quiz a été pris 30 fois
  • Le résultat moyen est 9 sur 20
Statistiques - réponses
Position Equipe Coureur % Correct
1er UAE Team Emirates Adam Yates
100%
2eme UAE Team Emirates Joao Almeida
100%
7eme Movistar Team Enric Mas
96%
10eme Decathlon Ag2r La Mondiale Félix Gall
88%
4eme Ineos Grenadier Egan Bernal
79%
3eme Lidl Trek Mattias Skjelmose
75%
8eme Dsm Firmeninch PostNL Oscar Onley
58%
6eme Ineos Grenadier Tom Pidcock
58%
9eme Visma Lease a Bike Wilco Kelderman
54%
5eme Israel Premier Tech Matthew Riccitello
42%
13eme UAE Team Emirates Isaac Del Toro
29%
16eme Bahrain Victorious Wouter Poels
29%
14eme Q36.5 Pro Cycling Team David De La Cruz
13%
11eme Movistar Team Pelayo Sanchez
13%
12eme Bora Hansgrohe Sergio Higuita
13%
17eme Israel Premier Tech George Benett
8%
18eme Astana Qazaqstan Team Harold Martin Lopez
8%
15eme Q36.5 Pro Cycling Team Matteo Badilatti
8%
20eme Bahrain Victorious Finlay Pickering
4%
19eme Tudor Pro Cycling Team Marco Brenner
4%
Aucun quiz correspondant
Distribution des résultats
% des personnes avec chaque résultat
Percentile par nombre de réponses
Votre historique - résultats
Vous n’avez pas pris ce quiz